000 00609nam a2200229 i 4500
001 C2-0244287
003 PPAK
005 20180727205558.0
008 021123s1983 nyua|||| ||||| | eng d
020 _a0913175013
040 _aPPAK
_beng
_cPPAK
_erda
082 0 4 _a823
_223
090 0 0 _a823
_bCUE
_dKSA
245 0 0 _aCuentos :
_bstories by latinas
264 1 _aNew York :
_bKitchen Table ,
_c1983
300 _axx, 241 pages :
_billustrations ;
_c22 cm
336 _2rdacontent
_atext
337 _2rdamedia
_aunmediated
338 _2rdacarrier
_avolume
650 1 0 _aMalay Fiction
942 _ddc
_cB
999 _c58514
_d58514